000 00372nam a2200169Ia 4500
001 11599
003 IN-NITTTR
005 20251114233108.0
008 251113s9999||||xx |||||||||||||| ||eng||
040 _beng
040 _cIN-NITTTR
041 _aeng
082 _a512 F625M
100 _aFlegg, Graham
245 0 _aModern algebra /
_cFlegg, Graham
942 _2ddc
_cBK
999 _c14235
_d14235